000 00308nam a22001337a 4500
020 _a818269563-5
082 _a425
_bARO/C
100 _aARORA,PHAGUN
245 _aCOMPREHENSIVE ENGLISH GRAMMAR
260 _aDELHI
_bBLACK ROSE PUBLICATIONS
300 _a248
650 _aENGLISH GRAMMAR
_zINDIA
942 _cBK
999 _c3814
_d3814